Personnages principaux des romans de Bernard Werber - Statistiques

Statistiques générales
  • Ce quiz a été pris 2 fois
  • Le résultat moyen est 13 sur 27
Statistiques - réponses
Cycle Livre Personnage principal % Correct
Cycle des anges Les Thanatonautes Michael Pinson
100%
Cycle des anges L'Empire des anges Michael Pinson
100%
Cycle des dieux Nous les dieux Michael Pinson
100%
Cycle des dieux Le Souffle des dieux Michael Pinson
100%
Cycle des dieux Le Mystère des dieux Michael Pinson
100%
Cycle des chats Demain les chats Bastet
50%
Cycle des chats Sa majesté des chats Bastet
50%
Cycle des chats La Planète des chats Bastet
50%
Cycle Troisième Humanité Troisième humanité David Wells
50%
Cycle Troisième Humanité Les Micro-Humains David Wells
50%
Cycle Troisième Humanité La Voix de la Terre David Wells
50%
Depuis l'au-delà Gabriel Wells
50%
Cycle des Fourmis Les Fourmis Jonathan Wells/327ème
50%
Cycle des Fourmis Le Jour des fourmis Jonathan Wells/ 56ème
50%
Cycle des Fourmis La Révolution des fourmis Julie Pinson/103ème
50%
Cycle Aventuriers de la science L'Ultime Secret Lucrèce Nemrod
50%
Cycle Aventuriers de la science Le Rire du cyclope Lucrèce Nemrod
50%
Cycle Aventuriers de la science Le Père de nos pères Lucrèce Nemrod/IL
50%
Cycle de Pandore La Boîte de Pandore René Toledano
50%
Cycle de Pandore La Prophétie des abeilles René Toledano
50%
La Voix de l'Arbre Rose Pinson
50%
Le Temps des Chimères Alice Kammerer
0%
Le Miroir de Cassandre Cassandre Katzenberg
0%
Cycle de Pandore La Valse des âmes Eugénie Toledano
0%
Le Sixième Sommeil Jacques Klein
0%
La Diagonale des Reines Nicole O'Connor/Monica Mac Intyre
0%
Le Papillon des étoiles Yves Kramer
0%
Aucun quiz correspondant
Distribution des résultats
% des personnes avec chaque résultat
Percentile par nombre de réponses
Votre historique - résultats
Vous n’avez pas pris ce quiz